Southville International School and Colleges
Your cart is empty.
  • Cart
  • Lists
    Public lists Eva Luna New books Lux_list list_1
    Your lists Log in to create your own lists
  • Log in to your account
  • Your cookies
  • Search history
Southville International School and Colleges
  • Advanced search
  • Recent comments
  • Most popular
  • Libraries

Log in to your account

Log in with GOOGLE


If you do not have an external account, but do have a local account, you can still log in:

  1. Home
  2. MARC view: Language skills 2 :
Normal view MARC view ISBD view

Language skills 2 : (Record no. 23793)

[ view plain ]
MARC details
000 -LEADER
fixed length control field 00595nam a2200205 a 4500
005 - DATE AND TIME OF LATEST TRANSACTION
control field 20140310183459.0
008 - FIXED-LENGTH DATA ELEMENTS--GENERAL INFORMATION
fixed length control field 100324s19uu xx 00 eng d
020 ## - INTERNATIONAL STANDARD BOOK NUMBER
International Standard Book Number 0574421173
050 ## - LIBRARY OF CONGRESS CALL NUMBER
Classification number LB 1576
Item number .G574 1981
100 ## - MAIN ENTRY--PERSONAL NAME
Personal name Goba, Ronald J.
245 ## - TITLE STATEMENT
Title Language skills 2 :
Remainder of title an activity approach /
Statement of responsibility, etc Ronald J. Goba, Allan A. Glatthorn.
260 ## - PUBLICATION, DISTRIBUTION, ETC. (IMPRINT)
Place of publication, distribution, etc Chicago :
Name of publisher, distributor, etc SRA,
Date of publication, distribution, etc 1981.
300 ## - PHYSICAL DESCRIPTION
Extent 188 p. :
Dimensions 26 cm.
521 ## - TARGET AUDIENCE NOTE
Target audience note
650 ## - SUBJECT ADDED ENTRY--TOPICAL TERM
Topical term or geographic name as entry element English language
General subdivision Grammar.
650 ## - SUBJECT ADDED ENTRY--TOPICAL TERM
Topical term or geographic name as entry element Language skills
General subdivision Grammar.
700 ## - ADDED ENTRY--PERSONAL NAME
Personal name Glatthorn, Allan A.
942 ## - ADDED ENTRY ELEMENTS (KOHA)
Koha item type Books
Source of classification or shelving scheme Library of Congress Classification
Call number prefix Foreign
Holdings
Withdrawn status Lost status Source of classification or shelving scheme Damaged status Home library Current library Shelving location Date acquired Total Checkouts Full call number Barcode Date last seen Copy number Price effective from Koha item type
    Library of Congress Classification   College Library College Library General Circulation Section 03/24/2010   LB 1576 .G574 1981 C10929 05/15/2018 1 10/18/2013 Books

Language skills 2 :

APA

Goba R. J., Glatthorn A. A., . (1981). Language skills 2. Chicago: SRA.

Chicago

Goba Ronald J, Glatthorn Allan A, . 1981. Language skills 2. Chicago: SRA.

Harvard

Goba R. J., Glatthorn A. A., . (1981). Language skills 2. Chicago: SRA.

MLA

Goba Ronald J, Glatthorn Allan A, . Language skills 2. Chicago: SRA. 1981.

  • Place hold
  • Print
  • Cite
  • Add to your cart (remove)
  • Save record
    BIBTEX Dublin Core MARCXML MARC (non-Unicode/MARC-8) MARC (Unicode/UTF-8) MARC (Unicode/UTF-8, Standard) MODS (XML) RIS
  • More searches
    Search for this title in:
    Other Libraries (WorldCat) Other Databases (Google Scholar) Online Stores (Bookfinder.com) Open Library (openlibrary.org)

Exporting to Dublin Core...

SOUTHVILLE LIBRARY

Southville International School and Colleges Library

1281 Tropical Ave. Cor. Luxembourg St., BF Homes International, Las Pinas City

Tel. No. 8256374 / 252358 Loc. 117/146

Powered by Koha